| 000 | 01198nam a2200337Ia 4500 | ||
|---|---|---|---|
| 001 | dia_3375 | ||
| 003 | CHAP | ||
| 005 | 20230607085350.0 | ||
| 008 | 220117s1988 xx 000 0 und d | ||
| 010 | _a176775 | ||
| 020 | _a968-451-124-8 | ||
| 040 | _cCHAP | ||
| 082 | _a510.212 S65 1988 | ||
| 100 |
_aSpiegel, Murray R. _9109217 |
||
| 245 |
_aManual de fórmulas y tablas matemáticas : 2400 fórmulas y 60 tablas / _c Murray R. Spiegel ; traducción Orlando Guerrero Ribero |
||
| 260 |
_aMéxico : _b McGraw-Hill, _c1988 |
||
| 300 | _a271 p. | ||
| 440 |
_aSchaum _9102914 |
||
| 500 | _aTítulo original: Schaum's outline of mathematical handbook of formulas and tables. | ||
| 503 | _aD. | ||
| 590 | _aQA41 S65 1988 | ||
| 650 |
_aMatemáticas _xFórmulas _xManuales _9150454 |
||
| 650 |
_aMatemáticas _xTablas _xManuales _9150455 |
||
| 650 |
_aMathematics _xFormulas _xManuals, text _xbooks, etc. _9150456 |
||
| 650 |
_aMathematics _xTables _xManuals, text _xbooks, etc. _9150457 |
||
| 700 |
_aGuerrero Ribero, Orlando, tr. _9150458 |
||
| 901 | _a510.212 S65 1988 | ||
| 902 | _aA | ||
| 905 | _a5232271988 mx amnt8222223322spa16 | ||
| 942 |
_cLIBRO _2ddc |
||
| 999 |
_c176775 _d176775 |
||